| 000 | 00976nam a22003137a 4500 | ||
|---|---|---|---|
| 001 | BR8107253 | ||
| 003 | BR-BrBNA | ||
| 005 | 20230928091110.0 | ||
| 007 | ta | ||
| 008 | 230509b bl.||||| |||| 00| 0 por d | ||
| 040 |
_aBR-BrBNA _bpor _cBiblioteca Nacional de Agricultura |
||
| 041 | _a(Por) | ||
| 072 |
_aQ20; S10; D50 _b/G514 |
||
| 090 | _ Q20 BR8107253 | ||
| 110 | 1 |
_aLaboratorio Nacional de Referencia Animal, Brasilia, DF (Brasil) _96662 |
|
| 245 | 1 | _aMetodos analiticos oficiais para controle de produtos de origem animal e seus ingredientes. v. 1. Metodos microbiologicos [legislacao, Brasil] | |
| 260 | 3 |
_aBrasilia, DF (Brasil): _c1981. |
|
| 300 | _a[np] | ||
| 500 | _a22 ref. | ||
| 650 | _aVALOR NUTRITIVO | ||
| 650 | _aCOMPOSICAO DE ALIMENTO | ||
| 650 | _aVALOR BIOLOGICO | ||
| 650 | _aALIMENTO ANIMAL | ||
| 650 | _aLEGISLACAO | ||
| 650 | _aINSPECAO SANITARIA | ||
| 650 | _aMICRORGANISMO | ||
| 909 |
_a202309 _bLucia _c55 _dLucia Elande |
||
| 942 | _cBK | ||
| 999 |
_c32208 _d32208 |
||